Sports Quiz

Random Sports or NHL Quiz

All-Time Atlanta Thrashers Players Quiz Stats

 Plays Quiz not verified by Sporcle

Score 0/184 Timer 15:00
0 Plays Today
GP Player % Correct
594Ilya Kovalchuk
98%
190Dany Heatley
89.2%
222Marian Hossa
88%
204Kari Lehtonen
84.8%
537Vyacheslav Kozlov
81.2%
246Tobias Enstrom
76.4%
61Ondrej Pavelec
73.2%
414Patrik Stefan
72%
184Marc Savard
71.6%
206Bryan Little
71.2%
66Evander Kane
70.8%
128Zach Bogosian
69.6%
137Johan Hedberg
67.2%
221Todd White
62%
179Colby Armstrong
62%
335Jim Slater
61.6%
76Nikolai Antropov
61.6%
223Ray Ferraro
61.2%
81Damian Rhodes
59.2%
18Keith Tkachuk
59.2%
121Rich Peverley
58.8%
125Pasi Nurminen
58%
308Eric Boulton
56.8%
357Garnet Exelby
54.8%
161Ron Hainsey
54.8%
27Johnny Oduya
54.8%
64Matt Johnson
54.4%
228Bobby Holik
53.6%
231Chris Thorburn
53.2%
27Nicklas Bergfors
51.6%
140Scott Mellanby
51.2%
158Andrew Brunette
50.8%
78Donald Audette
48%
83Alexei Zhitnik
47.6%
82Maxim Afinogenov
47.6%
46Norm Maracle
46.8%
80Boris Valabik
46.4%
202Jeff Odgers
44.4%
76Pavel Kubina
44.4%
60Peter Bondra
44.4%
38Braydon Coburn
44.4%
300Yannick Tremblay
43.6%
79Pascal Dupuis
43.2%
57Erik Christensen
42.8%
35Byron Dafoe
41.6%
303Niclas Havelid
41.2%
273Andy Sutton
40.8%
77Jonathan Sim
40.8%
272Frantisek Kaberle
40.4%
41Jason Williams
40.4%
13Karl Stewart
39.6%
53Mark Recchi
38.8%
159Marty Reasoner
37.6%
128Shawn McEachern
37.6%
68Kelly Buchberger
37.6%
339Chris Tamer
37.2%
7Chris Chelios
37.2%
164Greg De Vries
36.8%
117Milan Hnilicka
36.8%
6Tim Stapleton
36.8%
24Michael Garnett
36.4%
62Mike Stapleton
36%
GP Player % Correct
49Dan Snyder
36%
17Mike Dunham
36%
38Anssi Salmela
35.2%
97Steve Staios
34.8%
51Colin Stuart
34.8%
23Scott Fankhouser
34.8%
5Steve Shields
34.4%
2Clay Wilson
32%
47Steve Rucchin
31.2%
2Chris Kunitz
31.2%
140Serge Aubin
30.8%
159Eric Perrin
30.4%
77Petr Buzek
30.4%
44Brett Clark
30%
247Per Svartvadet
29.2%
213J.P. Vigier
29.2%
21Clarke MacArthur
28.8%
79Jaroslav Modry
28.4%
11Bryan Adams
27.6%
24Eric Belanger
26.8%
14Jason Krog
26.8%
130Hnat Domenichelli
26%
4Arturs Kulda
26%
121Tomi Kallio
25.6%
69Randy Robitaille
25.6%
202Brad Larsen
24.8%
138Shane Hnidy
24.8%
95Dean Sylvester
24.8%
58Nelson Emerson
24.8%
218Daniel Tjarnqvist
24.4%
138Ronald Petrovicky
24.4%
71Brad Tapper
24.4%
44Darcy Hordichuk
24.4%
15Scott Langkow
24.4%
71Jiri Slegr
24%
144Shean Donovan
23.6%
98Pascal Rheaume
23.2%
72Ken Klee
23.2%
27Rumun Ndur
23.2%
128David Harlock
22.8%
25Kamil Piros
22.8%
19Brett Sterling
22.8%
60Niko Kapanen
22.4%
23Kevin Dean
22.4%
1Rick Tabaracci
22%
140Denny Lambert
21.6%
73Johan Garpenlov
20.8%
27Adam Burt
20.8%
9Adam Berkhoel
20.8%
1Grant Lewis
20.8%
1Luke Sellars
20.8%
5Kurtis Foster
20.4%
153Andreas Karlsson
20%
85Gord Murphy
19.6%
80Mark Popovic
19.6%
36Brian Pothier
19.6%
83Steve Guolla
19.2%
47Christoph Schubert
19.2%
44Ed Ward
18.8%
40Maxim Galanov
18.8%
68Ben Simon
18.4%
57Mike Weaver
18.4%
GP Player % Correct
17Evgeny Artyukhin
18.4%
160Tony Hrkac
18%
108Lubos Bartecko
18%
4Uwe Krupp
17.6%
65Todd Reirden
17.2%
57Glen Metropolit
17.2%
52Vitaly Vishnevsky
17.2%
20Darren Haydar
17.2%
3Vladimir Vujtek
17.2%
33Tommi Santala
16.8%
29Joey Crabb
16.8%
1Scott Lehman
16.8%
162Jeff Cowan
16.4%
49Darryl Shannon
16.4%
25Mark Hartigan
16.4%
19Jarrod Skalde
16.4%
117Steve McCarthy
16%
5Kip Brennan
16%
4Simon Gamache
16%
27Jean-Luc Grand-Pierre
15.6%
20Yves Sarault
15.6%
6Ramzi Abid
15.6%
43Richard Smehlik
15.2%
17Shawn Heins
15.2%
91Francis Lessard
14.8%
44Mathieu Schneider
14.8%
20Zdenek Blatny
14.8%
8Frederic Cassivi
14.8%
65Bob Corkum
14.4%
25Jason Botterill
14.4%
24Yuri Butsayev
14.4%
26Ladislav Kohn
14%
6Rico Fata
14%
3Martin Prochazka
14%
28Derek MacKenzie
13.6%
28Herbert Vasiljevs
13.6%
19Chris Joseph
13.6%
3Joe DiPenta
13.6%
2Brian Swanson
13.6%
18Joel Kwiatkowski
13.2%
2Spencer Machacek
13.2%
34Kirill Safronov
11.6%
8Kevin Doell
11.6%
3Denis Hamel
11.6%
3Jeff Farkas
11.2%
63Ivan Majesky
10.8%
27Chris Herperger
10.8%
24Bill Lindsay
10.8%
4Jordan Smotherman
10.8%
3Chris McAlpine
10.4%
2Kyle Rossiter
8.8%
4Geordie Kinnear
8%
53Nathan Oystrick
7.6%
30Sergei Vyshedkevich
7.6%
6Joe Motzko
7.6%
38Tomas Kloucek
5.6%
8Eric Bertrand
4%
7Daniel Corso
3.6%
17Andrei Skopintsev
2.8%
3Scott Barney
2.4%

You're not logged in!

Compare scores with friends on all Sporcle quizzes.
Join for Free
OR
Log In

You Might Also Like...

Show Comments

Extras

Top Quizzes Today


Score Distribution

Your Account Isn't Verified!

In order to create a playlist on Sporcle, you need to verify the email address you used during registration. Go to your Sporcle Settings to finish the process.

Report this User

Report this user for behavior that violates our Community Guidelines.

Details: